| 000 | 005390000a22001570004500 | ||
|---|---|---|---|
| 003 | MACL | ||
| 005 | 20180117162233.0 | ||
| 008 | 180117b xxu||||| |||| 00| 0 eng d | ||
| 040 | _cmacl | ||
| 100 |
_aभारती ,संपा दरवेश _970078 |
||
| 245 | _aप्रेमचन्द की बाल कहानियॉ | ||
| 260 |
_aदिल्ली _bकादबंरी प्रकाशन _c2012 |
||
| 350 | _a250 | ||
| 650 |
_aचिल्ड्रन बुक _9159 |
||
| 942 |
_cHIN _k741.642 _2ddc |
||
| 999 |
_c47260 _d47260 |
||